| Tag |
First Indicator |
Second Indicator |
Subfields |
| LEADER |
00000cam a2200000 a 4500 |
| 001 |
in00000011755 |
| 005 |
20151007051704.0 |
| 008 |
860827s1986 vaua b 00100 eng |
| 010 |
|
|
|a 86022871
|
| 020 |
|
|
|a 0802600026 (alk. paper) :
|c $27.00
|
| 020 |
|
|
|a 0802600034 (pbk. : alk. paper) :
|c $16.50
|
| 035 |
|
|
|a (OCoLC)14214514
|
| 035 |
|
|
|9 AAA4300AM
|
| 040 |
|
|
|a DLC
|c DLC
|d m/c
|d TXA
|d UtOrBLW
|
| 043 |
|
|
|a n-us---
|
| 049 |
|
|
|a TXAM
|c [A11461606]
|
| 050 |
0 |
0 |
|a NX735
|b .G68 1986
|
| 082 |
0 |
|
|a 026/.7/002573
|2 19
|
| 245 |
0 |
0 |
|a Government and the arts in thirties America :
|b a guide to oral histories and other research materials /
|c Roy Rosenzweig, editor [and others].
|
| 264 |
|
1 |
|a Fairfax, VA :
|b George Mason University Press ;
|c [1986]
|
| 264 |
|
2 |
|a Lanham, MD :
|b Distributed by arrangement with University Pub. Associates,
|
| 264 |
|
4 |
|c ©1986
|
| 300 |
|
|
|a xiii, 329 pages :
|b illustrations ;
|c 24 cm.
|
| 336 |
|
|
|a text
|b txt
|2 rdacontent
|
| 337 |
|
|
|a unmediated
|b n
|2 rdamedia
|
| 338 |
|
|
|a volume
|b nc
|2 rdacarrier
|
| 504 |
|
|
|a Bibliography: pages 293-325.
|
| 504 |
|
|
|a Filmography: pages 327-329.
|
| 500 |
|
|
|a Includes indexes.
|
| 650 |
|
0 |
|a Federal aid to the arts
|z United States.
|
| 650 |
|
0 |
|a Arts
|z United States
|x Sources.
|
| 650 |
|
0 |
|a Arts and society
|z United States
|x History
|y 20th century.
|
| 700 |
1 |
|
|a Rosenzweig, Roy.
|
| 999 |
|
|
|a MARS
|
| 999 |
f |
f |
|s 4df40e0d-ab97-38e3-bad3-52b831b951ef
|i 08719875-04b8-3679-9af6-0fc5cb44e5e2
|t 0
|
| 952 |
f |
f |
|p ric
|a Texas A&M University
|b Rellis Campus
|c Joint Library Facility
|d Remote Storage
|t 0
|e NX735 .G68 1986
|h Library of Congress classification
|i unmediated -- volume
|m A14811461606
|
| 998 |
f |
f |
|a NX735 .G68 1986
|t 0
|l Remote Storage
|